|
|
|
|
| LEADER |
00000nab a2200000 a 4500 |
| 001 |
vtls008296443 |
| 003 |
SK-MaSNL |
| 005 |
20260304143513.0 |
| 008 |
250505c2004 xo mr|p|||||||000 b|slo |
| 015 |
|
|
|a SNBRB2005/09
|2 snkbucl
|
| 035 |
|
|
|a (uuid)fa0fcf8a-fb2b-4892-8909-5af01bebbd7b
|
| 035 |
|
|
|a urn:nbn:sk:snk-abbz1i
|
| 035 |
|
|
|a (urnnbn)urn:nbn:sk:snk:ar-003t3u
|
| 038 |
|
|
|a SNKBUCL
|
| 040 |
|
|
|a SNKBUCL
|b slo
|c SNKBUCL
|e AACR2
|
| 041 |
0 |
|
|a slo
|
| 044 |
|
|
|a xo
|c SK
|
| 080 |
|
|
|a 77.03/.04:061.3/.4
|2 1997
|
| 100 |
1 |
|
|a Shelley, Ďurino
|4 aut
|9 742693
|
| 245 |
1 |
0 |
|a Fotofest
|c Ďurino Shelley
|
| 300 |
|
|
|b Fotogr.
|
| 611 |
2 |
7 |
|a Mesiac fotografie
|n (14. :
|d 2004 :
|c Bratislava, Slovensko)
|2 snkbucl
|9 75844
|
| 773 |
0 |
|
|t Dotyky
|g Roč. XVI, č. 4 (2004), s. 66-71
|x 1210-2210
|
| 850 |
|
|
|a Slovenská národná knižnica
|
| 852 |
|
|
|a Slovenská národná knižnica
|
| 958 |
|
|
|a article15
|
| 958 |
|
|
|a OND
|
| 958 |
|
|
|a EUIPO
|
| 999 |
|
|
|c 2925765
|d 2927695
|